000 00422nam a22001697a 4500
003 MPLRDC
005 20220104144134.0
008 210129b ||||| |||| 00| 0 eng d
082 _a293.21 JSC
100 _a江上丹编著
245 _a相人术, 洞察人生的秘密
_c
250 _a初版
260 _a
_b内蒙古文化出版社
_c2001
300 _b
650 _a相书--面相
942 _cBK
_o293.21 JSC
999 _c46747
_d46737